00516nam a2200193 a 4500001001300000003000900013005001700022008004100039020001000080082001700090100001600107245007000123260003000193300000900223500003500232505001000267650002900277700001600306nice12345678IN_TiNIC20260116011327.0050524s1963 leia grp 000 0 eng  ac10000a181.07bSCH1 aSchimmel, A aGabriel`s Wingb Study into the Religious Ideas of Sir Mohd.Iqbal aLeidenbE. J. Brillc1963 a428p aincludes index and biblioraphy2 aIndex aPhilosophy-Islamic-Iqbal1 aSchimmel, A